Histoire des relations internationales : De 1945 à nos jours (notice n° 1925755)
[ vue normale ]
| 000 -LEADER | |
|---|---|
| fixed length control field | 01410cam a2200145 4500500 |
| 005 - DATE AND TIME OF LATEST TRANSACTION | |
| control field | 20260329023236.0 |
| 041 ## - LANGUAGE CODE | |
| Language code of text/sound track or separate title | fre |
| 042 ## - AUTHENTICATION CODE | |
| Authentication code | dc |
| 100 10 - MAIN ENTRY--PERSONAL NAME | |
| Personal name | Duroselle, Jean-Baptiste |
| Relator term | author |
| 245 00 - TITLE STATEMENT | |
| Title | Histoire des relations internationales : De 1945 à nos jours |
| 260 ## - PUBLICATION, DISTRIBUTION, ETC. | |
| Name of publisher, distributor, etc. | Armand Colin,<br/> |
| Date of publication, distribution, etc. | 2017.<br/> |
| 520 ## - SUMMARY, ETC. | |
| Summary, etc. | Au lendemain de la Seconde Guerre mondiale, commence une guerre froide qui oppose les États-Unis et l’Union soviétique. Le monde est devenu bipolaire. Chacun des deux supergrands rassemble derrière lui des alliés et des clients. D’un côté, le camp socialiste : de l’autre, le monde libre. Bientôt apparaît une troisième force, qui tente de garder ses distances à l’égard des deux pôles principaux. L’Union soviétique disparaît en 1991. Le temps de la guerre froide prend fin. Que sera le XXIe siècle ? Sur tous les continents, des poudrières peuvent mettre ou ont déjà mis à feu et à sang des États, des régions, des villes. Partout, le terrorisme menace et tue. Face à la mondialisation de l’économie, de l’information, de la culture, les États-Unis, la Russie, la Chine ne veulent plus ou ne peuvent pas imposer des règles. Un monde bouleversé, incertain suscite l’angoisse. |
| 700 10 - ADDED ENTRY--PERSONAL NAME | |
| Personal name | Kaspi, André |
| Relator term | author |
| 856 41 - ELECTRONIC LOCATION AND ACCESS | |
| Uniform Resource Identifier | <a href="https://shs.cairn.info/histoire-des-relations-internationales--9782200601744?lang=fr&redirect-ssocas=7080">https://shs.cairn.info/histoire-des-relations-internationales--9782200601744?lang=fr&redirect-ssocas=7080</a> |
Pas d'exemplaire disponible.




Réseaux sociaux